00536 2200193 4500001002100000005001500021008004100036020001800077035001900095041000700114082000800121090001400129100002000143245008300163260003300246300003500279500001100314650001700325INLIS00000000002694320241224132239241224||||||||| | ||| |||| || |  a979-610-804-6 0010-1224026943 aid0 a813 a813 WIN p0 aWinkanda Satria00aPutri Salju dan 7 Kurcaci Serta 60 Pilihan Terbaik Dongeng Mancanegara Lainnya aYogyakartabCabe Rawitc2013 a26x19 cm, ii, 182 hlm.; ilus.: aCet. 1 0aDongeng Anak